La tercera guerra mundial : (Registro nro. 3275)
[ vista simple ]
| 000 -LEADER | |
|---|---|
| fixed length control field | 00915nam a2200217Ia 4500 |
| 003 - CONTROL NUMBER IDENTIFIER | |
| control field | OSt |
| 005 - DATE AND TIME OF LATEST TRANSACTION | |
| control field | 20250415141937.0 |
| 008 - FIXED-LENGTH DATA ELEMENTS--GENERAL INFORMATION | |
| fixed length control field | 191128s1981 ck er 000 f spa d |
| 040 ## - CATALOGING SOURCE | |
| Original cataloging agency | CO-JMCR |
| Transcribing agency | CO-JMCR |
| 041 ## - LANGUAGE CODE | |
| Language code of text/sound track or separate title | spa |
| 082 04 - DEWEY DECIMAL CLASSIFICATION NUMBER | |
| Classification number | A-N |
| Item number | HACt |
| 100 1# - MAIN ENTRY--PERSONAL NAME | |
| Personal name | Hackett, John, |
| Relator term | autor |
| 9 (RLIN) | 7154 |
| 245 10 - TITLE STATEMENT | |
| Title | La tercera guerra mundial : |
| Remainder of title | agosto 1985 / |
| Statement of responsibility, etc. | General Sir John Hackett; traducción Antonio Alduvin A. |
| 260 ## - PUBLICATION, DISTRIBUTION, ETC. | |
| Place of publication, distribution, etc. | Bogotá : |
| Name of publisher, distributor, etc. | Círculo de lectores, |
| Date of publication, distribution, etc. | 1981 |
| 300 ## - PHYSICAL DESCRIPTION | |
| Extent | 422 páginas ; |
| Dimensions | 21 cm. |
| 505 ## - FORMATTED CONTENTS NOTE | |
| Formatted contents note | Amanecer de agosto : los primeros ataques -- El mundo en 1984 -- Raíces del conflicto : el oriente Medio y Africa -- La vigorosa reacción del Occidente -- Intranquilidad en Polonia -- Una navidad sin paz -- Reunión en la cumbre y consecuencias |
| 534 ## - ORIGINAL VERSION NOTE | |
| Introductory phrase | The tird worl war |
| 650 14 - SUBJECT ADDED ENTRY--TOPICAL TERM | |
| Topical term or geographic name entry element | Novela inglesa |
| Chronological subdivision | siglo XX |
| 9 (RLIN) | 7155 |
| 700 ## - ADDED ENTRY--PERSONAL NAME | |
| Personal name | Alduvin A., Antonio, |
| Relator term | traductor |
| 9 (RLIN) | 7156 |
| 942 ## - ADDED ENTRY ELEMENTS (KOHA) | |
| Source of classification or shelving scheme | Dewey Decimal Classification |
| Koha item type | Books |
| Withdrawn status | Lost status | Source of classification or shelving scheme | Damaged status | Not for loan | Collection code | Home library | Current library | Date acquired | Total Checkouts | Full call number | Barcode | Date last seen | Date last checked out | Copy number | Koha item type |
|---|---|---|---|---|---|---|---|---|---|---|---|---|---|---|---|
| Dewey Decimal Classification | Fiction | Biblioteca Pública José María del Castillo y Rada | Biblioteca Pública José María del Castillo y Rada | 11/28/2019 | 1 | A-N HACt | 201507013 | 11/07/2024 | 11/06/2024 | Ej.1 | Books |